| 000 | 00318nam a2200109Ia 4500 | ||
|---|---|---|---|
| 008 | 230907s9999||||xx |||||||||||||| ||und|| | ||
| 082 | _a621.31244,WUR | ||
| 100 |
_aWurfel, Peter _9114815 |
||
| 245 | 0 | _aPhysics of solar cells : from basic principles to advanced concepts | |
| 260 |
_aWiley _bGermany _c2016 |
||
| 942 | _cBK | ||
| 999 |
_c598107 _d598107 |
||